Sports Quiz

Random Sports or Country Quiz

Moscow Olympics Boycott Countries Quiz Stats

Quiz not verified by Sporcle

Challenge
Share
Tweet
Embed
Score 0/62 Timer 06:00
0 Plays Today
Country % Correct
United States (led the boycott)
96.2%
Canada
90.6%
Japan
78.8%
South Korea
71.8%
People's Republic of China
68.5%
Norway
67.1%
Pakistan
66.8%
Argentina
66.5%
Israel
63.8%
Egypt
63.2%
West Germany
61.5%
Chile
56.5%
Saudi Arabia
56.5%
Turkey
55.3%
Indonesia
52.1%
Morocco
50%
Panama
47.9%
Malaysia
46.8%
Thailand
46.5%
Niger
43.8%
Sudan
42.9%
Honduras
41.5%
Kenya
40.9%
Paraguay
40.6%
Bolivia
39.7%
Uruguay
39.7%
Singapore
38.8%
Tunisia
38.8%
United Arab Emirates
38.2%
Haiti
37.9%
El Salvador
35.6%
Country % Correct
Philippines
35.6%
Chad
34.1%
Bahamas
32.4%
Belize
32.4%
Bangladesh
31.5%
Somalia
31.5%
Liberia
28.5%
Bahrain
27.4%
Ghana
26.5%
Fiji
26.2%
Monaco
25.9%
Liechtenstein
25.3%
Albania
23.8%
Togo
22.9%
Zaire
22.9%
Suriname
22.4%
Papua New Guinea
21.8%
Barbados
20.9%
Côte d'Ivoire
20%
Antigua and Barbuda
19.1%
Gambia
16.5%
Gabon
16.2%
Malawi
15.6%
Swaziland
12.6%
Mauritius
9.7%
Hong Kong
9.4%
Bermuda
8.2%
Central African Republic
7.4%
U.S. Virgin Islands
6.5%
Cayman Islands
3.8%
Netherlands Antilles
2.4%

You're not logged in!

Compare scores with friends on all Sporcle quizzes.
Join for Free
OR
Log In

You Might Also Like...

Show Comments

Extras

Top Quizzes Today


Score Distribution

Your Account Isn't Verified!

In order to create a playlist on Sporcle, you need to verify the email address you used during registration. Go to your Sporcle Settings to finish the process.

Report this User

Report this user for behavior that violates our Community Guidelines.

Details: